000 00451nam a2200181Ia 4500
001 10992
005 20260306161913.0
008 260306t1993||||xx |||||||||||||| ||spa||
041 _aESP
082 _a985
_bP13
100 _aPacheco Vélez, César
_eAUT
245 0 _aEnsayos de simpatía. Sobre ideas y generaciones en el Perú del siglo XX
260 _c1993
300 _a
_c
650 _aGEN
654 _aCHU
942 _cLIB
_dJUS
_fJUS
_2ddc
_n
999 _c10992
_d10992